000
00277nam a2200097Ia 4500
008
220204s9999 xx 000 0 und d
082
_a
339.18(678)
_b
ECO
245
0
_a
Economic and commercial reports: Tanzania
260
_a
New Delhi
_b
Ministry of Foreign Trade
_c
1968
942
_c
BK
999
_c
22182
_d
22182